The art of Japanese management

This book introduce the Japanese mirror. The Matsushita example. An American contracst. Zen and the art of managment, independence...

Uloženo v:
Podrobná bibliografie
Hlavní autor: Pascale, Richard Tanner
Médium: Kniha
Jazyk:Undetermined
Vydáno: London Penguin books 1981
Témata:
Tagy: Přidat tag
Žádné tagy, Buďte první, kdo otaguje tento záznam!
Thư viện lưu trữ: Trung tâm Học liệu Trường Đại học Cần Thơ
LEADER 00738nam a2200205Ia 4500
001 CTU_228978
008 210402s9999 xx 000 0 und d
082 |a 658.00952 
082 |b P278 
100 |a Pascale, Richard Tanner 
245 4 |a The art of Japanese management 
245 0 |c Richard Tanner Pascale, Anthony G Athos ; With an introduction by Peter Parker 
260 |a London 
260 |b Penguin books 
260 |c 1981 
520 |a This book introduce the Japanese mirror. The Matsushita example. An American contracst. Zen and the art of managment, independence... 
650 |a Quản trị,Management 
650 |z Nhật Bản,Japan 
910 |b dqhieu 
980 |a Trung tâm Học liệu Trường Đại học Cần Thơ